书目信息 |
| 题名: |
综合集成化人工智能技术及其矿业应用
|
|
| 作者: | 张幼蒂 , 李新春 , 韩万林 著 | |
| 分册: | ||
| 出版信息: | 徐州 中国矿业大学出版社 2004.08 |
|
| 页数: | 188页 | |
| 开本: | 27cm | |
| 丛书名: | ||
| 单 册: | ||
| 中图分类: | P62-39 | |
| 科图分类: | ||
| 主题词: | 人工智能--应用--矿产--地质勘探 , 矿山开采--人工智能--应用 | |
| 电子资源: | ||
| ISBN: | 7-81070-826-0 | |
| 000 | 01143nam0 2200289 450 | |
| 001 | 0148197500 | |
| 005 | 20051018085918.53 | |
| 010 | @a7-81070-826-0@b精装@dCNY36.00 | |
| 100 | @a20050331d2004 km y0chiy0120 ea | |
| 101 | 0 | @achi |
| 102 | @aCN@b320000 | |
| 105 | @ay z 000yy | |
| 200 | 1 | @a综合集成化人工智能技术及其矿业应用@Azong he ji cheng hua ren gong zhi neng ji shu ji qi kuang ye ying yong@f张幼蒂 … [等] 著@Fzhang you di…[deng]zhu |
| 210 | @a徐州@c中国矿业大学出版社@d2004.08 | |
| 215 | @a188页@c图@d27cm | |
| 300 | @a国家自然科学基金研究成果专著出版基金资助出版 | |
| 304 | @a本书作者还有 : 李新春、韩万林、张瑞新。 | |
| 320 | @a有书目。 | |
| 330 | @a本书内容包括:人工智能技术的发展简史、主要分支及其在矿业中的应用,人工智能技术的发展趋向——综合集成化,矿区开发条件评价与开发次序决策智能系统,矿田资源预测与估算智能系统等。 | |
| 606 | 0 | @a人工智能@x应用@x矿产@x地质勘探 |
| 606 | 0 | @a矿山开采@x人工智能@x应用 |
| 690 | @aP62-39@v4 | |
| 701 | 0 | @a张幼蒂@Azhang you di@4著 |
| 701 | 0 | @a李新春@Ali xin chun@4著 |
| 701 | 0 | @a韩万林@Ahan wan lin@4著 |
| 801 | 0 | @aCN@bQSSK@c20051018 |
| 905 | @a10447@dP62-39@eZ230 | |
| 综合集成化人工智能技术及其矿业应用/张幼蒂 … [等] 著.-徐州:中国矿业大学出版社,2004.08 |
| 188页:图;27cm |
| 国家自然科学基金研究成果专著出版基金资助出版 |
| ISBN 7-81070-826-0(精装):CNY36.00 |
| 本书内容包括:人工智能技术的发展简史、主要分支及其在矿业中的应用,人工智能技术的发展趋向——综合集成化,矿区开发条件评价与开发次序决策智能系统,矿田资源预测与估算智能系统等。 |
| ● |
| 相关链接 |
|
|
|
正题名:综合集成化人工智能技术及其矿业应用
索取号:P62-39/Z230
 
预约/预借
| 序号 | 登录号 | 条形码 | 馆藏地/架位号 | 状态 | 备注 |
| 1 | 569782 | 205697824 | 自科库401/401自科库 132排1列2层/ [索取号:P62-39/Z230] | 在馆 | |
| 2 | 569783 | 205697833 | 自科二线504/504自科库 47排3列4层/ [索取号:P62-39/Z230] | 在馆 | |
| 3 | 569784 | 205697842 | 自科二线504/504自科库 47排3列4层/ [索取号:P62-39/Z230] | 在馆 |